| 000 | 00834nac a22002291u 4500 | ||
|---|---|---|---|
| 010 | _a 78170739 | ||
| 020 | _a0812103785 | ||
| 082 | 0 | 0 |
_a616.1507 _bSe458 |
| 090 |
_c3570 _d3570 |
||
| 100 | _aSeiverd, Charles Edwar | ||
| 245 | 1 | 0 |
_aHematology for medical technologists, _cby Charles E. Seiverd. |
| 250 | _a4th ed. | ||
| 260 |
_aPhiladelphia, _bLea & Febiger, _c1972. |
||
| 300 |
_axi, 840 p. _billus. _c25 cm. |
||
| 500 | _aFirst published in 1952 under title: Hematology for the medical technologist. | ||
| 500 | _aDonations. | ||
| 500 | _aDonations - Bibliotheca Alexandrina. | ||
| 504 | _aBibliography: p. 780-782. | ||
| 650 | 0 |
_aBlood _xAnalysis. |
|
| 942 |
_cBB _k616.1507Se458 |
||
| 999 |
_c3570 _d3570 |
||